000 00389nam a2200145Ia 4500
008 230917s9999||||xx |||||||||||||| ||und||
040 _e124715
_aMAIN
041 _aEnglish
082 _a362.7 J265J
100 _aMishar, Dinesh Kumar
245 0 _aPopulation environment and development
260 _aNew Delhi
_bA P H Publishing corporation
_c2004
300 _a282p. p.
942 _cBK
999 _c145165
_d145165